Návrh smart systému pre riadenie využitia obnoviteľných zdrojov energie v domácnosti
Gespeichert in:
| 1. Verfasser: | |
|---|---|
| Weitere Verfasser: | |
| Format: | Manuskript Buch |
| Sprache: | Slowakisch |
| Veröffentlicht: |
2023
|
| Schlagworte: | |
| Online-Zugang: | http://is.stuba.sk/zp/portal_zp.pl?podrobnosti=164310 |
| Tags: |
Keine Tags, Fügen Sie das erste Tag hinzu!
|
MARC
| LEADER | 00000ntm a22000003a 4500 | ||
|---|---|---|---|
| 001 | stuzp88592 | ||
| 003 | SK-STU | ||
| 005 | 20230909211031.1 | ||
| 007 | ta | ||
| 008 | 150427s2015----xo-----f-mn---000-0-slo-d | ||
| 040 | |a STU |b slo | ||
| 041 | 0 | |a slo | |
| 100 | 1 | |a Riedlmajer, Matej |u 066000 |4 aut |U MTF Materiálovotechnologická fakulta |T MTF Ústav aplikovanej informatiky, automatizácie a mechatroniky |X 91743 |U M6000 |Y 86 |7 91743 | |
| 242 | 0 | 1 | |a Design of a Smart System for Managing the Use of Renewable Energy Sources in the Household |y eng |
| 245 | 1 | 0 | |a Návrh smart systému pre riadenie využitia obnoviteľných zdrojov energie v domácnosti |
| 260 | |c 2023 | ||
| 650 | 4 | |a fotovoltika |2 slo | |
| 650 | 4 | |a Loxone |2 slo | |
| 650 | 4 | |a smart elektroinštalácia |2 slo | |
| 650 | 4 | |a riadenie |2 slo | |
| 650 | 4 | |a implementácia |2 slo | |
| 650 | 4 | |a smart electro-installation |2 eng | |
| 650 | 4 | |a photovoltaics |2 eng | |
| 650 | 4 | |a management |2 eng | |
| 650 | 4 | |a implementation |2 eng | |
| 650 | 4 | |a Loxone |2 eng | |
| 700 | 1 | |a Halenár, Igor |u 066000 |k Z1 |4 ths |U MTF Materiálovotechnologická fakulta |T MTF Ústav aplikovanej informatiky, automatizácie a mechatroniky |X 2860 |U M6000 |Y 86 |7 A000002860 | |
| 856 | 4 | |u http://is.stuba.sk/zp/portal_zp.pl?podrobnosti=164310 | |